00341nam a22001337a 4500003000500000005001700005008004100022040000600063082001300069100003000082245007300112260001400185300000800199CEME20210628205116.0210225b xxu||||| |||| 00| 0 eng d c. a0333 WAS aDjordievic.A.R Sarkar.T.K aLinpar for matrix parametears for multi conductor transmission lines bPDFc1996 aPDF